000 004720000a22001810004500
003 LK-CoMWRAF
008 230817t ||||| |||| 00| 0 eng d
040 _aLK-CoMWRAF
_dLK-CoMWRAF
_eLK-CoMWRAF
041 _aeng
100 _aThambi, M.S. Muhammad
245 _aIruthith Thirunabiyin Iruthi Naatgal
_b
250 _aSecond Edition
260 _bThambi Book Centre
_aChennai (India)
_c1982
300 _ap.120
650 _aIslam
650 _aTamil Text
942 _cBK
999 _c2346
_d2346